|
|
|
|
| LEADER |
02608nam a2200625 i 4500 |
| 001 |
nkc20152692210 |
| 003 |
CZ PrNK |
| 005 |
20150902102706.0 |
| 007 |
ta |
| 008 |
150528s2015 xr ab e c 000 0 cze |
| 020 |
|
|
|a 978-80-260-7933-0
|q (brožováno)
|
| 040 |
|
|
|a ABA001
|b cze
|e rda
|
| 041 |
1 |
|
|a cze
|a pol
|h cze
|
| 043 |
|
|
|a e-xr---
|b e-xr-mo
|2 czenas
|
| 045 |
|
|
|a x-y-
|
| 072 |
|
7 |
|a 72
|x Architektura
|2 Konspekt
|9 21
|
| 080 |
|
|
|a 77.03/.08
|2 MRF
|
| 080 |
|
|
|a 725.94
|2 MRF
|
| 080 |
|
|
|a (437.326)
|2 MRF
|
| 080 |
|
|
|a (083.824)
|2 MRF
|
| 080 |
|
|
|a (083.8)
|2 MRF
|
| 100 |
1 |
|
|a Marek, Miloslav,
|d 1938-
|7 mzk2010606040
|4 aut
|4 pht
|
| 245 |
1 |
0 |
|a Kříže Rýmařovska /
|c Miloslav Marek, Michal Vyhlídal ; fotografie: Miloslav Marek ; překlad do polštiny: Piotr Oskwarek = Krzyże Rymarzowska / Miloslav Marek, Michal Vyhlídal ; zdjęcia: Miloslav Marek
|
| 246 |
3 |
1 |
|a Krzyże Rymarzowska
|
| 250 |
|
|
|a 1. vydání
|
| 264 |
|
1 |
|a Rýmařov :
|b Sdružení obcí Rýmařovska :
|b Městské muzeum Rýmařov,
|c 2015
|
| 300 |
|
|
|a 25 stran :
|b barevné ilustrace, 1 mapa ;
|c 15 x 21 cm
|
| 336 |
|
|
|a text
|b txt
|2 rdacontent
|
| 337 |
|
|
|a bez média
|b n
|2 rdamedia
|
| 338 |
|
|
|a svazek
|b nc
|2 rdacarrier
|
| 500 |
|
|
|a Název z obálky
|
| 500 |
|
|
|a 2000 výtisků
|
| 500 |
|
|
|a "Výstava fotografií Ing. Miloslava Marka Kříže Rýmařovska proběhla v Městském muzeu Rýmařov od 3.3. do 8.4.2015"--2. strana obálky
|
| 546 |
|
|
|a Souběžný polský text
|
| 600 |
1 |
7 |
|a Marek, Miloslav,
|d 1938-
|7 mzk2010606040
|2 czenas
|
| 648 |
|
7 |
|a 20.-21. století
|7 ch462155
|2 czenas
|
| 650 |
0 |
7 |
|a fotografie
|7 ph114585
|z Česko
|y 20.-21. století
|2 czenas
|
| 650 |
0 |
7 |
|a kříže
|7 ph137207
|z Česko
|2 czenas
|
| 650 |
0 |
9 |
|a photography
|z Czechia
|y 20th-21st centuries
|2 eczenas
|
| 650 |
0 |
9 |
|a crosses
|z Czechia
|2 eczenas
|
| 651 |
|
7 |
|a Rýmařov (Česko : oblast)
|7 ge130713
|2 czenas
|
| 651 |
|
9 |
|a Rýmařov Region (Czechia)
|2 eczenas
|
| 655 |
|
7 |
|a katalogy výstav
|7 fd132536
|2 czenas
|
| 655 |
|
7 |
|a soupisy
|7 fd133560
|2 czenas
|
| 655 |
|
9 |
|a exhibition catalogs
|2 eczenas
|
| 655 |
|
9 |
|a inventories
|2 eczenas
|
| 700 |
1 |
|
|a Vyhlídal, Michal
|7 jo2012708048
|4 aut
|
| 700 |
1 |
|
|a Oskwarek, Piotr,
|d 1978-
|7 xx0197005
|4 trl
|
| 710 |
2 |
|
|a Městské muzeum (Rýmařov, Česko)
|7 kn20100914013
|4 orm
|
| 856 |
4 |
1 |
|u http://www.digitalniknihovna.cz/mzk/uuid/uuid:24f3adb0-1c22-11ef-bf7b-005056827e52
|y Digitalizovaný dokument
|x NDK
|
| 910 |
2 |
|
|a BOA001
|b 2-1347.799
|
| 990 |
|
|
|a BK
|
| 995 |
|
|
|a 11
|
| 991 |
|
|
|b 201506
|c NOV
|e n
|
| 996 |
6 |
|
|b 2610635506
|c 2-1347.799
|l MZK
|r Sklad / do 1 hodiny
|n 1
|p p.v.
|w 001509846
|u 000010
|a 1
|e BOA001
|j MZK50
|s P
|